000 01859cam a2200457 4500
003 PE-LiUPU
005 20250731173555.0
008 1994 sp b spa
020 _a8470203762
035 _a(Sirsi) i9788470203763
035 _a(Sirsi) 20582
035 _a(Sirsi) 20582
040 _bspa
_cPE-LiUPU
_dPE-LiUPU
_erda
041 _aes
044 _aes
082 0 4 _a282.09
_bS21
100 1 _aSánchez Monge, Manuel,
_eautor.
245 _aEclesiología :
_bLa Iglesia, Ministerio de Comunión y Misión /
_cManuel Sánchez Monge.
264 1 _aMadrid :
_bSociedad de Educación Atenas,
_c1994.
300 _a500 páginas ;
_c21 centímetros.
490 _a(Colección Síntesis ;
_v2/5)
504 _aBibliografía al final de cada capítulo.
505 0 _aLa iglesia en el antiguo y nuevo testamento: elementos de la eclesiología bíblica -- Cambios de la imagen de la iglesia a través de la historia (I, II) -- La eclesiología del Vaticano II, una eclesiología de comunión -- La iglesia realización del misterio de Dios -- La iglesia sacramento de Cristo en el mundo -- El Espíritu Santo y la iglesia. Estructura carismática de la iglesia -- Iglesia y reino de Dios. Jesús y la fundación de la iglesia -- la iglesia, un pueblo de hermanos -- La iglesia es una en la libertad -- La iglesia es santa en la pobreza -- Etc.
526 _aSEG42
526 _aSEG41
526 _aSEG40
526 _aSEG39
526 _aP94
526 _aP87
526 _aP86
526 _aP85
526 _aP77
526 _aP76
526 _aP35
650 1 4 _aIglesia
_xHistoria de las doctrinas.
910 _aaj-em
942 _2ddc
_cBK
949 _a282.09 S21
_i43488
_lPOSTGRADO
_mBUL
_tLIBRO
_o.STAFF. Posgrado
999 _c61460
_d61460
980 _81
_gALBERTO SANCHEZ Responsable de Automatización